000 00511cam a2200157 4500500
005 20260329015550.0
041 _afre
042 _adc
100 1 0 _aChampion, Yannick
_eauthor
700 1 0 _aBlétry, Marc
_eauthor
245 0 0 _aMechanical properties of metallic glass
260 _c2026.
500 _a96
786 0 _nStudies and properties of metals | - | 2026-03-05 | p. 5-5
856 4 1 _uhttps://stm.cairn.info/advanced-metallic-materials--bdti42660210-n2720-page-5?lang=en&redirect-ssocas=7080
999 _c1899048
_d1899048